Statistics for Hypixel - All Gamemodes

Click here to take the quiz!

General Stats

  • This quiz has been taken 5 times
  • The average score is 16 of 67

Answer Stats

GroupGamemode% Correct
Bed Wars
100%
PrototypeSkyblock
100%
Skywars
100%
The TNT GamesTNT Run
100%
Build Battle
80%
UHCSpeed UHC
60%
The Bridge
60%
TNT Tag
60%
Bow Spleef
40%
Challenge
40%
Classic Duels
40%
Cops And CrimsDefusal
40%
Dropper
40%
Football
40%
Gun Game
40%
Hide and seek
40%
Party Games
40%
PVP Run
40%
Skywars Duels
40%
Sumo Duels
40%
UHC Duels
40%
Classic GamesVampireZ
40%
Arcade GamesZombies
40%
Bounty Hunters
20%
Bow Duels
20%
Capture the wool
20%
Challenge Mode
20%
Creeper Attack
20%
Ender Spleef
20%
Mega WallsFace Off
20%
Hole in the wall
20%
Hypixel Says
20%
Mini Walls
20%
Pixel Party
20%
Random House
20%
Standart
20%
Team Deathmatch
20%
The Blocking Dead
20%
The Walls
20%
TNT Wizards
20%
UncathegorisedWool Wars
20%
Arena Brawl
0%
Blitz Duels
0%
Blitz SG
0%
Boxing Duels
0%
HousingBrowse Houses
0%
Combo Duels
0%
Dragon Wars
0%
Farm Hunt
0%
Galaxy Wars
0%
Hypixel Smp
0%
Mega Walls Duels
0%
Murder Mystery
0%
My Houses
0%
NoDebuff Duels
0%
Op Duels
0%
Paintball Warfare
0%
DuelsParkour Duels
0%
Pixel Painters
0%
Quakecraft
0%
Smash Heroes
0%
Solo
0%
Teams of 3
0%
The Hypixel Pit
0%
TNT Games Duels
0%
Turbo Kart Racers
0%
Warlords
0%

Score Distribution

Percentile by Number Answered

Percent of People with Each Score

Your Score History

You have not taken this quiz